| 000 | 00622nam a2200193Ia 4500 | ||
|---|---|---|---|
| 003 | GCL | ||
| 008 | 140319s9999 xx 000 0 eng d | ||
| 040 |
_aGCL / _cGCL |
||
| 082 | 0 | 4 |
_aCC _b916.2 _bS T |
| 100 | 1 | _aSEZGIN, FUAT | |
| 245 | 1 | 0 |
_aTWO STUDIES ON THE GEOGRAPHY AND ADMINSTRATION OF EGYPT ACCORDING TO AL - QALQASANDI ( D.1418 ) ( VOL. 52 ) / _cSEZGIN, FUAT |
| 260 |
_a[S.N] : _bINSTITUTE FOR THE HISTORY OF ARABIC SCIE ، _c1992 |
||
| 300 | _a245 P | ||
| 650 | 0 | 4 | _aGEOGRAPHY |
| 650 | 0 | 4 | _aGEOGRAPHY - EGYPT |
| 650 | 0 | 4 | _aEGYPT - DESCRIPTION AND TRAVEL |
| 650 | 0 | 4 | _aADMINISTRATION - EGYPT |
| 942 |
_2ddc _cBK |
||
| 999 |
_c16127 _d16127 |
||